000 nam a22 7a 4500
999 _c234928
_d234928
003 Nust
005 20170403132743.0
008 170403b xxu||||| |||| 00| 0 eng d
040 _cdlc
082 _a620.136 ACI
245 _aACI Manual of Concrete Practice 2010 Part 5 ACI 362.1R-97(02) to ACI 503.7-07
942 _2ddc
_cBK